| 000 | 00758nac a22002177a 4500 | ||
|---|---|---|---|
| 001 | BR9406254 | ||
| 003 | BR-BrBNA | ||
| 005 | 20240105121533.0 | ||
| 008 | 230509b bl.|||m| |||| 00| 0 por d | ||
| 040 |
_aBR-BrBNA _bpor _cBiblioteca Nacional de Agricultura |
||
| 072 | _aE20 | ||
| 090 | _aE20 BR9406254 | ||
| 110 | 1 |
_aAssociacao Brasileira de Credito e Assistencia Rural, Rio de Janeiro, RJ (Brasil) _9230 |
|
| 245 | 1 | _aNormas de administracao de material | |
| 260 | 3 |
_aRio de Janeiro, RJ (Brasil): _c1968. |
|
| 300 | _a65 p. | ||
| 490 |
_aCadernos de Servico - Associacao Brasileira de Credito e Assistencia Rural (Brazil) _vno. 7 _x |
||
| 650 | _aAdministracao de Empresa | ||
| 909 |
_a202312 _bLúcia Elande _c55 _dLúcia Elande |
||
| 942 |
_2AGRIS _n0 _cMS |
||
| 999 |
_c285878 _d285878 |
||